LEADER 01370nam a2200277 i 4500 001 000000185633 003 CaOOAMICUS 005 20100210000000.0 008 100210s1918 it u000 u ita u 013 $a163667 040 $aSeMil$bita 100 1 $aFacchinetti, Vittorino,$c.$0(OLS)http://semarc/name/12360 245 10$aSiate allegri! :$bil serafico poverello e la gioia della vita /$cP. Dott. Vittorino Facchinetti O. F. M ; con una introduzione del Dott. Roberto Franchi. 250 $a2. Edizione ampliata. 260 $aMilano :$bRomolo Ghirlanda,$c1918. 300 $aXXX, 272 p., 15 p., [4] p. di tav. ;$c20 cm. 490 0 $aBiblioteca di coltura francescana ;$v1. 500 $aIn mezzo al front : Tre illustrazioni fuori testo. 600 04$aFrancesco : d'Assisi .$0(OLS)http://semarc/subject/1416 650 4$aGioia - Spiritualità.$0(OLS)http://semarc/subject/17516 700 1 $aFranchi, Roberto.$0(OLS)http://semarc/name/68221 830 0$aBiblioteca di coltura francescana ;$v1.$0(OLS)http://semarc/title/30666 850 $aSeMil 852 $aSeMil$W1$xVenegono$y1$m3F III 160$j136324$B136324$CSeMilBibl$Z2$F147856 $81 996 $6245$aSiate allegri! :$bil serafico poverello e la gioia della vita$9(OLS)http://semarc/title/266815 996 $6260$aMilano :$bRomolo Ghirlanda$9(OLS)http://semarc/publisher/33465 LEADER 00653nam a2200169 i 4500 001 000000240362 003 CaOOAMICUS 005 20150327000000.0 008 150327s1879 it u000 u fre u 013 $a219267 040 $aSeMil$bita 245 10$aStations de l'Avent, du Carême et de l'Octave des morts. 2. 300 $a847 p. 773 0 $tEncyclopédie de la prédication contemporaine.$dMarseille : J. Mingardon, 1885.$g[19$w()31651 850 $aSeMil 852 $aSeMil$W1$xVenegono$y1$m3D V 148 FA$j190708$B190708$CSeMilBibl$Z2$F201542 $8I 996 $6245$aStations de l'Avent, du Carême et de l'Octave des morts. 2$9(OLS)http://semarc/title/341915